[Event "POL-ch Amateur"]
[Site "Wroclaw"]
[Date "2013.??.??"]
[Round "4"]
[White "Jedynak, January"]
[Black "Zielinski, Hubert"]
[Result "0-1"]
[WhiteElo "1647"]
[BlackElo "1845"]
[PlyCount "74"]
[EventDate "2013.06.??"]
[EventType "swiss"]
[EventRounds "9"]
[EventCountry "POL"]
[SourceTitle "EXT 2014"]
[Source "ChessBase"]
[SourceDate "2013.11.20"]
[SourceVersion "1"]
[SourceVersionDate "2013.11.20"]
[SourceQuality "1"]

1. d4 Nf6 2. c4 g6 3. Nc3 Bg7 4. e4 0-0 5. e5 Ne8 6. f4 c5 7. d5 d6 8. Nf3 Bg4 9. exd6 Nxd6 10. h3 Bxf3 11. Qxf3 e5 12. Be2 Nd7 13. 0-0 Nf5 14. Bd3 Nd4 15. Qf2 f5 16. fxe5 Nxe5 17. Be2 Nc2 18. Rb1 Nxc4 19. Kh1 Bd4 20. Qf3 N4e3 21. Nb5 Nxf1 22. Nxd4 Nxd4 23. Qxf1 Nxe2 24. Qxe2 Qxd5 25. Bh6 Rfe8 26. Qc2 Rad8 27. b4 c4 28. Qc3 Qd4 29. Qf3 Qe4 30. Qf1 c3 31. Rc1 c2 32. Kh2 Qe5+ 33. Bf4 Qe2 34. Qg1 b6 35. Kg3 Rd1 36. Qh2 Rxc1 37. Bxc1 Qe1+ 0-1

[Event "Tarnowskie Gory Piasta Memorial 6th"]
[Site "Tarnowskie Gory"]
[Date "2008.07.26"]
[Round "2.4"]
[White "Gola, Karol"]
[Black "Zielinski, Hubert"]
[Result "1-0"]
[WhiteElo "2174"]
[BlackElo "2003"]
[PlyCount "93"]
[EventDate "2008.07.26"]
[EventType "swiss"]
[EventRounds "10"]
[EventCountry "POL"]
[SourceTitle "EXT 2023"]
[Source "ChessBase"]
[SourceDate "2022.10.05"]
[SourceVersion "1"]
[SourceVersionDate "2022.10.05"]
[SourceQuality "1"]

1. e4 d6 2. d4 Nf6 3. Nc3 g6 4. Bg5 Bg7 5. Qd2 h6 6. Bh4 c6 7. 0-0-0 Qa5 8. Kb1 0-0 9. f4 b5 10. Bxf6 exf6 11. h3 b4 12. Nce2 Nd7 13. Nf3 Nb6 14. Nc1 Na4 15. Nb3 Qb6 16. g4 c5 17. Qd3 Bb7 18. Nfd2 d5 19. dxc5 Nxc5 20. Nxc5 Qxc5 21. Nb3 Qc7 22. exd5 Qxf4 23. Nc5 Rab8 24. Bg2 Rfd8 25. Rhe1 Qf2 26. Nxb7 Rxb7 27. Re2 Qc5 28. h4 Re7 29. h5 Rxe2 30. Qxe2 g5 31. Qe4 a5 32. Re1 Rc8 33. Qf5 Rd8 34. Qe4 Bf8 35. Qe3 Qxe3 36. Rxe3 Bd6 37. c4 Kf8 38. Kc2 Re8 39. Rxe8+ Kxe8 40. Kb3 Be5 41. Ka4 Bxb2 42. Kxa5 Bc3 43. Kb5 Kd7 44. c5 Be1 45. Be4 Bd2 46. Bf5+ Kd8 47. d6 1-0